Statistiques concernant 5 pays aléatoires sur la carte du monde en 15 secondes

Cliquez ici pour prendre le quiz!

Statistiques générales

  • Ce quiz a été pris 470 fois
  • Le résultat moyen est 4 sur 5

Réponses sur la Carte

Les réponses sont colorées sur une échelle allant du rouge au vert en fonction du pourcentage des utilisateurs qui les ont devinées à leur premier essai. Vous pouvez retrouver ces pourcentages ci-dessous.
 

Statistiques - réponses

pays% Correct
Afrique du Sud
100%
Albanie
100%
Algérie
100%
Allemagne
100%
Andorre
100%
Arabie Saoudite
100%
Argentine
100%
Australie
100%
Autriche
100%
Belgique
100%
Bhoutan
100%
Bolivie
100%
Burkina Faso
100%
Cabo Verde
100%
Canada
100%
Colombie
100%
Comores
100%
Corée du Nord
100%
Corée du Sud
100%
Croatie
100%
Cuba
100%
Danemark
100%
Équateur
100%
Érythrée
100%
Espagne
100%
Estonie
100%
Eswatini
100%
Finlande
100%
France
100%
Gabon
100%
Gambie
100%
Grèce
100%
Guatemala
100%
Honduras
100%
Indonésie
100%
Irak
100%
Iran
100%
Islande
100%
Israël
100%
Italie
100%
Japon
100%
Jordanie
100%
Kazakhstan
100%
Kenya
100%
Kosovo
100%
Lettonie
100%
Madagascar
100%
Malte
100%
Maroc
100%
Mexique
100%
Micronésie
100%
Moldavie
100%
Mozambique
100%
Népal
100%
Norvège
100%
Ouganda
100%
Pérou
100%
Portugal
100%
République Centrafricaine
100%
République démocratique du Congo
100%
Roumanie
100%
Royaume-Uni
100%
Russie
100%
Rwanda
100%
Saint-Marin
100%
Salomon
100%
Sao Tomé-et-Principe
100%
Serbie
100%
Slovénie
100%
Somalie
100%
Soudan du Sud
100%
Suriname
100%
Syrie
100%
Tchad
100%
Thaïlande
100%
Togo
100%
Trinité-et-Tobago
100%
Turquie
100%
Ukraine
100%
Vanuatu
100%
Vatican
100%
Viêt Nam
100%
Zimbabwe
100%
Angola
75%
Côte d'Ivoire
67%
Île Maurice
67%
Irlande
67%
Uruguay
67%
Antigua-et-Barbuda
50%
Arménie
50%
Biélorussie
50%
Bosnie-Herzégovine
50%
Cameroun
50%
Émirats arabes unis
50%
Guinée
50%
Kiribati
50%
Koweït
50%
Lituanie
50%
Malaisie
50%
Monaco
50%
Ouzbékistan
50%
Paraguay
50%
Philippines
50%
Samoa
50%
Sénégal
50%
Seychelles
50%
Taïwan
50%
Tchèquie
50%
Tunisie
50%
Venezuela
50%
Bénin
33%
Cambodge
33%
Ghana
33%
Jamaïque
33%
Laos
33%
Mali
33%
Monténégro
33%
Soudan
33%
Tonga
33%
Afghanistan
0%
Azerbaïdjan
0%
Bahamas
0%
Bahreïn
0%
Bangladesh
0%
Barbade
0%
Belize
0%
Birmanie
0%
Botswana
0%
Brésil
0%
Brunei
0%
Bulgarie
0%
Burundi
0%
Chili
0%
Chine
0%
Chypre
0%
Congo
0%
Costa Rica
0%
Djibouti
0%
Dominique
0%
Égypte
0%
Etats-Unis
0%
Éthiopie
0%
Fidji
0%
Géorgie
0%
Grenade
0%
Guinée-Bissau
0%
Guinée équatoriale
0%
Guyana
0%
Haïti
0%
Hongrie
0%
Îles Marshall
0%
Inde
0%
Kirghizistan
0%
Lesotho
0%
Liban
0%
Liberia
0%
Libye
0%
Liechtenstein
0%
Luxembourg
0%
Macédoine du Nord
0%
Malawi
0%
Maldives
0%
Mauritanie
0%
Mongolie
0%
Namibie
0%
Nauru
0%
Nicaragua
0%
Niger
0%
Nigeria
0%
Nouvelle-Zélande
0%
Oman
0%
Pakistan
0%
Palaos
0%
Panama
0%
Papouasie-Nouvelle-Guinée
0%
Pays-Bas
0%
Pologne
0%
Qatar
0%
République dominicaine
0%
Saint-Christophe- et-Niévès
0%
Sainte-Lucie
0%
Saint-Vincent-et-les-Grenadines
0%
Salvador
0%
Sierra Leone
0%
Singapour
0%
Slovaquie
0%
Sri Lanka
0%
Suède
0%
Suisse
0%
Tadjikistan
0%
Tanzanie
0%
Timor-Leste
0%
Turkménistan
0%
Tuvalu
0%
Yémen
0%
Zambie
0%

Distribution des résultats

Percentile par nombre de réponses

% des personnes avec chaque résultat

Votre développement - résultats

Vous n’avez pas pris ce quiz